000 nkm a22 a 4500
999 _c398266
_d398266
003 BLK
005 20221208031034.0
008 210212b bu ||||| |||| 00| 0 bu d
040 _aBLK
041 _aBUL
_cBUL
080 _aОрганизация на труда. Вж и 651 ; 658
_b331.103
_z331.103
080 _aОбщи въпроси на търговията. Пазар
_b339.1
_z339.1
100 _9385783
_aОпров, Кръстю Георгиев
_eпърви автор
139 _aОпров, Кръстю Георгиев
_bО 63
245 _aСоциалистическата организация на трудав сферата на общественото обслужване
_bНагледно помагало
_cКръстьо Георгиев Опров, Деян Оронов; худ. Г. Стоянов
257 _aBGR
260 _9210539
_aСофия
_bСептември
_c1980
_n954-406-
300 _b1 папка (39 отд. цв. л. сх., табл., диагр.
_c42 х 30 см
380 _a3
650 0 _9274764
_aОрганизация на труда, социалистическа
650 0 _9419764
_aАгитация, нагледна
653 7 _9192915
_aорганизация на труда
700 _aОронов, Деян
_eсъавт.
_91445
852 _aЦб ІІІ 416
_bЦб
856 _i0.00
_ldisable
942 _cGRA
_n0
_s1
944 _aCR
_c2021-02-12
_kХристина Везирева
999 _d398266
999 _d398266
999 _d398266